01356nam a22002657a 45000010005000000030006000050050017000110080041000280200018000690400029000870500018001160820011001341000027001452450098001722500041002702600034003113000040003455050007003855200562003925210018009545210018009726500041009906500030010317000029010616481FISKH20250506111302.0250506b cb ||||| |||| 00| 0 eng d a9780590436502 aFISKHbengcFISKHdFISKH a PZ7.M3567585 a813.00 aM.Martin, Annd(1955-) aBaby sitters little sister #11 :bKaren's prize /cAnn M.Martin ; Illustrations by Susan Tang aThis edition first published in 1990 aNew York :bScholastic,c1990 a105 pages :billustrations ;c20 cm aN  aComic and Graphic Books. Juvenile Fiction. Juvenile Literature. HTML:Another graphic novel in this fun series spin-off of The Baby-sitters Club, adapted by Mimi series creator Shauna J. Grant! Karen loves to spell words. She is very good at it, too. First, she wins the spelling bee in her class. Then Karen wins another spelling contest. And another... and another! Soon Karen might be the best junior speller in the state of Connecticut. She's even going to be on TV! Karen thinks that is so great. But her friends don't. They think Karen is a show-off! 8 a550 bLexile 8 aN bRaz-Plus  2Baby-Sitters ClubaRealistic fiction 2Spelling beesaA:Juvenile aTang, Susandillustrator